000
00200 a2200097 4500
001
6800
100
_a
I
245
_a
Foundation of Machine Woodworking
260
_a
_b
Pitman
_c
090
_c
5621
_d
5621
942
_a
NUST-CAE
_c
M
_c
32069
999
_c
241873
_d
241873